Die Aneignung und Umnutzung von Herrschaftsräumen am Beispiel der Squattersiedlung der südwestasiatischen Eisenzeit

محفوظ في:

المؤلف الرئيسي: Cyrus, Georg (مؤلف)

التنسيق: كتاب

منشور في: Oxford Archaeopress Publishing Ltd 2025

الوسوم: إضافة وسم

لا توجد وسوم, كن أول من يضع وسما على هذه التسجيلة!

رقم الطلب:

LEADER 00703namaa2200169 4500
001 9781803279879
003 UkOxAP
005 20260405155017.0
020 |a 9781803279886 
776 1 |x 9781803279879 
245 0 0 |a Die Aneignung und Umnutzung von Herrschaftsräumen am Beispiel der Squattersiedlung der südwestasiatischen Eisenzeit 
100 1 |a Cyrus, Georg  |e Author  |l German 
856 4 2 |a http://library.arce.org:8087/Archaeopress/Products/9781803279886 
260 |a Oxford  |b Archaeopress Publishing Ltd  |c 2025 
270 |a Archaeopress Publishing Ltd, Summertown Pavillion, 18 -24 Middle Way, Summertown  |b Oxford  |d United Kingdom  |e OX2 7LG  |k 44-1865-311914  |m info@archaeopress.com 
942 |2 lcc  |c EBOOK 
999 |c 62095  |d 62095